Android programming (Record no. 188121)

000 -LEADER
fixed length control field 00362nam a2200133Ia 4500
008 - FIXED-LENGTH DATA ELEMENTS--GENERAL INFORMATION
fixed length control field 220217s9999||||xx |||||||||||||| ||und||
020 ## - INTERNATIONAL STANDARD BOOK NUMBER
International Standard Book Number 9788126547197
082 ## - DEWEY DECIMAL CLASSIFICATION NUMBER
Classification number 005.133 HEL
100 ## - MAIN ENTRY--PERSONAL NAME
Personal name Hellman, Erik
9 (RLIN) 10078
245 #0 - TITLE STATEMENT
Title Android programming
260 ## - PUBLICATION, DISTRIBUTION, ETC.
Place of publication, distribution, etc. Wiley india
Name of publisher, distributor, etc. New delhi
Date of publication, distribution, etc. 2018
300 ## - PHYSICAL DESCRIPTION
Extent XVI, 416p.
Other physical details 999
650 ## - SUBJECT ADDED ENTRY--TOPICAL TERM
Topical term or geographic name entry element PROGRAMMING LANGUAGE
Holdings
Withdrawn status Lost status Damaged status Not for loan Collection code Home library Current library Shelving location Date acquired Full call number Barcode Date last seen Price effective from Koha item type
        Computer Science and Engineering Central Library Central Library Reference 02/18/2022 005.133 HEL 23310 02/18/2022 02/18/2022 Books

Powered by Koha